[Event "HUN-chT2 Asztalos 2324"]
[Site "Hungary"]
[Date "2024.05.12"]
[Round "9.9"]
[White "Bocska, Janos"]
[Black "Gyori, Barnabas"]
[Result "1-0"]
[WhiteElo "1968"]
[BlackElo "1804"]
[PlyCount "53"]
[EventDate "2023.10.08"]
[EventType "team-tourn"]
[EventRounds "9"]
[EventCountry "HUN"]
[SourceTitle "EXT 2025"]
[Source "ChessBase"]
[SourceDate "2024.10.14"]
[SourceVersion "1"]
[SourceVersionDate "2024.10.14"]
[SourceQuality "1"]
[WhiteTeam "Nagyatad"]
[BlackTeam "Karmin"]
[WhiteTeamCountry "HUN"]
[BlackTeamCountry "HUN"]

1. d4 Nf6 2. Nf3 d5 3. c4 c6 4. Nc3 Bf5 5. cxd5 cxd5 6. Bf4 Qb6 7. Na4 Qb4+ 8. Bd2 Qd6 9. Qb3 Nc6 10. Rc1 b6 11. e3 Bd7 12. Bb5 e6 13. a3 Be7 14. 0-0 Ne4 15. Rxc6 Bxc6 16. Bb4 Qc7 17. Rc1 Nc5 18. Bxc6+ Qxc6 19. dxc5 0-0 20. Nd4 Qc7 21. c6 Bxb4 22. Qxb4 Qe5 23. c7 Rfc8 24. Qe7 g6 25. Nb5 Kg7 26. Nd6 Rab8 27. Nxc8 1-0

[Event "HUN-chT2 Asztalos 2324"]
[Site "Hungary"]
[Date "2024.03.10"]
[Round "6.10"]
[White "Bocska, Janos"]
[Black "Jankovics, Emod"]
[Result "1-0"]
[WhiteElo "1956"]
[BlackElo "1699"]
[PlyCount "61"]
[EventDate "2023.10.08"]
[EventType "team-tourn"]
[EventRounds "9"]
[EventCountry "HUN"]
[SourceTitle "EXT 2025"]
[Source "ChessBase"]
[SourceDate "2024.10.14"]
[SourceVersion "1"]
[SourceVersionDate "2024.10.14"]
[SourceQuality "1"]
[WhiteTeam "Nagyatad"]
[BlackTeam "Marcali"]
[WhiteTeamCountry "HUN"]
[BlackTeamCountry "HUN"]

1. d4 Nf6 2. c4 g6 3. Nc3 Bg7 4. e4 d6 5. f4 0-0 6. Nf3 c5 7. d5 e6 8. dxe6 Bxe6 9. Bd3 Re8 10. 0-0 Nc6 11. f5 Bc8 12. Bg5 h6 13. Bxf6 Bxf6 14. fxg6 fxg6 15. e5 Nxe5 16. Nxe5 Rxe5 17. Bxg6 Rg5 18. Be4 Qe7 19. Bd5+ Be6 20. Rxf6 Qxf6 21. Ne4 Qe5 22. Nxg5 hxg5 23. Bxe6+ Qxe6 24. Qd2 Qf6 25. Qd5+ Kh8 26. Rf1 Qe7 27. h3 Rg8 28. Rf7 Qe2 29. Qxd6 Qe3+ 30. Kh2 g4 31. Qf6+ 1-0

[Event "HUN-chT2 Asztalos 2223"]
[Site "Hungary"]
[Date "2023.04.23"]
[Round "9.11"]
[White "Bocska, Janos"]
[Black "Molnar, Kiara"]
[Result "1/2-1/2"]
[WhiteElo "1968"]
[BlackElo "1409"]
[PlyCount "49"]
[EventDate "2022.11.20"]
[EventType "team-tourn"]
[EventRounds "10"]
[EventCountry "HUN"]
[SourceTitle "EXT 2025"]
[Source "ChessBase"]
[SourceDate "2024.10.14"]
[SourceVersion "1"]
[SourceVersionDate "2024.10.14"]
[SourceQuality "1"]
[WhiteTeam "Nagyatad"]
[BlackTeam "Kiraly Sakk"]
[WhiteTeamCountry "HUN"]
[BlackTeamCountry "HUN"]

1. d4 d5 2. c4 e6 3. Nc3 c6 4. Nf3 Bd6 5. Bg5 Be7 6. Bxe7 Qxe7 7. e3 f5 8. Bd3 Nf6 9. 0-0 0-0 10. Qc2 Ne4 11. Ne5 Nd7 12. Nxd7 Bxd7 13. f3 Nf6 14. e4 dxc4 15. Bxc4 Qb4 16. Qb3 Qxb3 17. Bxb3 Kh8 18. Rad1 Rad8 19. d5 exd5 20. exd5 cxd5 21. Nxd5 Nxd5 22. Rxd5 Bc6 23. Rxd8 Rxd8 24. Rd1 Rxd1+ 25. Bxd1 1/2-1/2

[Event "HUN-chT2 Asztalos 2122"]
[Site "Hungary"]
[Date "2022.04.10"]
[Round "9.10"]
[White "Bocska, Janos"]
[Black "Fenyvesi, Lajos"]
[Result "1-0"]
[WhiteElo "1957"]
[BlackElo "1602"]
[PlyCount "155"]
[EventDate "2021.10.10"]
[EventType "team-tourn"]
[EventRounds "9"]
[EventCountry "HUN"]
[SourceTitle "EXT 2025"]
[Source "ChessBase"]
[SourceDate "2024.10.14"]
[SourceVersion "1"]
[SourceVersionDate "2024.10.14"]
[SourceQuality "1"]
[WhiteTeam "Nagyatad"]
[BlackTeam "Karmin"]
[WhiteTeamCountry "HUN"]
[BlackTeamCountry "HUN"]

1. d4 d5 2. c4 dxc4 3. Nc3 Nf6 4. Nf3 h6 5. e4 Bg4 6. Bxc4 e6 7. d5 exd5 8. exd5 Be7 9. h3 Bxf3 10. Qxf3 0-0 11. 0-0 Nbd7 12. Bf4 a6 13. Rac1 Bd6 14. Rfe1 Bxf4 15. Qxf4 Nc5 16. b4 b5 17. bxc5 bxc4 18. Qxc4 Qd7 19. Red1 Qf5 20. d6 cxd6 21. Rxd6 Qg5 22. Rcd1 Ne8 23. R6d5 Qg6 24. c6 Rc8 25. Rc5 Nc7 26. Nd5 Nxd5 27. Rdxd5 Qb1+ 28. Kh2 Qe1 29. Qf4 Rb8 30. Rc1 Qe2 31. c7 Rbc8 32. a4 Qe6 33. Rd6 Qe2 34. Rc3 Qe1 35. Rg3 Qe7 36. Rc6 f6 37. Qxh6 Rf7 38. Qf4 Rxc7 39. Rxa6 Rc8 40. Re3 Qc7 41. Qxc7 Rcxc7 42. Ra8+ Rf8 43. Rxf8+ Kxf8 44. Ra3 Ra7 45. a5 Ra6 46. Kg3 Ke7 47. Kf4 g6 48. h4 Ke6 49. g4 Kf7 50. Ke4 Ke6 51. Kd4 Kd6 52. f4 Kc6 53. Kc4 Ra7 54. a6 Kb6 55. Kd5 Rh7 56. a7 Rxa7 57. Rxa7 Kxa7 58. Ke6 Kb7 59. Kxf6 Kc7 60. Kxg6 Kd7 61. Kf7 Kd6 62. g5 Kd5 63. f5 Ke5 64. Kg6 Kd6 65. f6 Ke6 66. h5 Kd7 67. h6 Ke8 68. Kg7 Kd7 69. f7 Ke7 70. g6 Ke6 71. h7 Ke7 72. h8Q Ke6 73. f8Q Kd5 74. Qh5+ Kd4 75. Qf4+ Kc3 76. Qh3+ Kb2 77. Qf2+ Ka1 78. Qh1# 1-0

[Event "HUN-chT2 Asztalos 2122"]
[Site "Hungary"]
[Date "2022.02.13"]
[Round "6.9"]
[White "Bocska, Janos"]
[Black "Balint, Janos"]
[Result "1-0"]
[WhiteElo "1957"]
[BlackElo "1845"]
[PlyCount "54"]
[EventDate "2021.10.10"]
[EventType "team-tourn"]
[EventRounds "9"]
[EventCountry "HUN"]
[SourceTitle "EXT 2025"]
[Source "ChessBase"]
[SourceDate "2024.10.14"]
[SourceVersion "1"]
[SourceVersionDate "2024.10.14"]
[SourceQuality "1"]
[WhiteTeam "Nagyatad"]
[BlackTeam "Kaposvar Bastya"]
[WhiteTeamCountry "HUN"]
[BlackTeamCountry "HUN"]

1. d4 d5 2. Nf3 Bf5 3. c4 e6 4. Nc3 c6 5. Bf4 Nf6 6. e3 Nbd7 7. Bd3 Bxd3 8. Qxd3 Bb4 9. 0-0 Nh5 10. Bg5 f6 11. Bh4 g5 12. Bg3 Kf7 13. e4 Bxc3 14. Qxc3 dxe4 15. Nd2 f5 16. Bd6 Nhf6 17. f3 exf3 18. Rxf3 Kg6 19. Re1 Re8 20. Rfe3 Kf7 21. Qd3 Nh5 22. d5 cxd5 23. cxd5 Kg6 24. dxe6 Ndf6 25. e7 Qa5 26. Re5 Qb6+ 27. Bc5 Qxb2 1-0

[Event "HUN-chT2 Asztalos 2122"]
[Site "Hungary"]
[Date "2022.01.30"]
[Round "5.10"]
[White "Vuity, Janos"]
[Black "Bocska, Janos"]
[Result "1/2-1/2"]
[WhiteElo "1805"]
[BlackElo "1957"]
[PlyCount "38"]
[EventDate "2021.10.10"]
[EventType "team-tourn"]
[EventRounds "9"]
[EventCountry "HUN"]
[SourceTitle "EXT 2025"]
[Source "ChessBase"]
[SourceDate "2024.10.14"]
[SourceVersion "1"]
[SourceVersionDate "2024.10.14"]
[SourceQuality "1"]
[WhiteTeam "Baja Spartacus"]
[BlackTeam "Nagyatad"]
[WhiteTeamCountry "HUN"]
[BlackTeamCountry "HUN"]

1. e4 e6 2. d4 d5 3. Nc3 Nf6 4. Bg5 Be7 5. e5 Nfd7 6. Bxe7 Qxe7 7. Nf3 0-0 8. Bd3 c5 9. dxc5 Nxc5 10. 0-0 Nc6 11. Re1 a6 12. Qd2 h6 13. Qe3 b5 14. a3 Bb7 15. Nd4 Rac8 16. f4 Nxd3 17. cxd3 Nxd4 18. Qxd4 Qc5 19. Qxc5 Rxc5 1/2-1/2

[Event "HUN-chT2 Asztalos 2122"]
[Site "Hungary"]
[Date "2021.12.19"]
[Round "4.9"]
[White "Zambo, Arpad"]
[Black "Bocska, Janos"]
[Result "1/2-1/2"]
[WhiteElo "1740"]
[BlackElo "1957"]
[PlyCount "58"]
[EventDate "2021.10.10"]
[EventType "team-tourn"]
[EventRounds "9"]
[EventCountry "HUN"]
[SourceTitle "EXT 2025"]
[Source "ChessBase"]
[SourceDate "2024.10.14"]
[SourceVersion "1"]
[SourceVersionDate "2024.10.14"]
[SourceQuality "1"]
[WhiteTeam "Gardony VSE"]
[BlackTeam "Nagyatad"]
[WhiteTeamCountry "HUN"]
[BlackTeamCountry "HUN"]

1. e4 e6 2. d4 d5 3. exd5 exd5 4. Bd3 Bd6 5. Nf3 Nf6 6. Bg5 0-0 7. 0-0 Bg4 8. Nbd2 Nbd7 9. c3 c6 10. Qc2 Qc7 11. Rfe1 Rfe8 12. Bf5 Bxf5 13. Qxf5 h6 14. Be3 Re6 15. Qh3 Rae8 16. Rac1 Bf4 17. Nf1 Bxe3 18. Rxe3 Rxe3 19. Nxe3 Qf4 20. Re1 Re6 21. a4 a5 22. Qf5 Qxf5 23. Nxf5 Rxe1+ 24. Nxe1 Nb6 25. Nd6 Nxa4 26. Nxb7 Nxb2 27. Nxa5 Na4 28. c4 dxc4 29. Nxc4 c5 1/2-1/2

[Event "HUN-chT2 Asztalos 2122"]
[Site "Hungary"]
[Date "2021.12.06"]
[Round "3.10"]
[White "Samu, Jozsef"]
[Black "Bocska, Janos"]
[Result "0-1"]
[WhiteElo "1745"]
[BlackElo "1957"]
[PlyCount "122"]
[EventDate "2021.10.10"]
[EventType "team-tourn"]
[EventRounds "9"]
[EventCountry "HUN"]
[SourceTitle "EXT 2025"]
[Source "ChessBase"]
[SourceDate "2024.10.14"]
[SourceVersion "1"]
[SourceVersionDate "2024.10.14"]
[SourceQuality "1"]
[WhiteTeam "Racalmas Kiralysakk"]
[BlackTeam "Nagyatad"]
[WhiteTeamCountry "HUN"]
[BlackTeamCountry "HUN"]

1. d4 Nf6 2. f4 d5 3. Nf3 Bf5 4. e3 e6 5. Bd3 Bxd3 6. Qxd3 Nbd7 7. 0-0 c5 8. c3 c4 9. Qe2 b5 10. Nbd2 Be7 11. e4 dxe4 12. Nxe4 0-0 13. Ne5 Nxe4 14. Qxe4 Qc7 15. Nxd7 Qxd7 16. f5 Qd5 17. Re1 Qxe4 18. Rxe4 Bd6 19. fxe6 f5 20. Re2 Rae8 21. Bd2 Rf6 22. d5 f4 23. Be1 g5 24. Bf2 a6 25. b4 Rf5 26. Rd1 Kf8 27. Bc5 Ke7 28. a3 Rd8 29. Bb6 Rb8 30. Bc5 Rd8 31. Red2 Re8 32. Re1 Rd8 33. Red1 Rc8 34. Re1 Rd8 35. Red1 Rc8 36. Bxd6+ Kxd6 37. Kf2 Re5 38. Rd4 Rf8 39. R1d2 Rff5 40. Re2 Rxe2+ 41. Kxe2 Re5+ 42. Kf2 Re3 43. Rd2 Rxc3 44. Re2 Ke7 45. d6+ Ke8 46. d7+ Ke7 47. Rd2 Rd3 48. Rxd3 cxd3 49. Ke1 g4 50. Kd2 h5 51. Kxd3 h4 52. Ke4 f3 53. gxf3 g3 54. hxg3 h3 55. f4 h2 56. f5 h1Q+ 57. Ke5 Qe1+ 58. Kf4 Qd2+ 59. Ke5 Qe3+ 60. Kd5 Qxg3 61. f6+ Kd8 0-1

[Event "HUN-chT2 Asztalos 1819"]
[Site "Hungary"]
[Date "2019.03.10"]
[Round "7.10"]
[White "Gal, Peter"]
[Black "Bocska, Janos"]
[Result "0-1"]
[WhiteElo "2095"]
[BlackElo "1978"]
[PlyCount "86"]
[EventDate "2018.10.28"]
[EventType "team-tourn"]
[EventRounds "9"]
[EventCountry "HUN"]
[SourceTitle "CBM 189 Extra"]
[Source "ChessBase"]
[SourceDate "2019.05.31"]
[SourceVersion "1"]
[SourceVersionDate "2019.05.31"]
[SourceQuality "1"]
[WhiteTeam "Decs 1990"]
[BlackTeam "Nagyatad"]
[WhiteTeamCountry "HUN"]
[BlackTeamCountry "HUN"]

1. d4 Nf6 2. Nc3 d5 3. Bg5 Bf5 4. Bxf6 exf6 5. e3 c6 6. Bd3 Bxd3 7. Qxd3 Qb6 8. Nf3 Na6 9. 0-0 0-0-0 10. a3 Bd6 11. b4 Nc7 12. Rfc1 g6 13. Nd2 f5 14. Na4 Qb5 15. Qb3 f4 16. c4 dxc4 17. Nxc4 fxe3 18. fxe3 Qg5 19. Nc5 Rhe8 20. Qa4 Kb8 21. Qc2 Nd5 22. Ne4 Bxh2+ 23. Kxh2 Qh4+ 24. Kg1 Qxe4 25. Qxe4 Rxe4 26. Kf2 f5 27. g3 Nf6 28. Ne5 Ng4+ 29. Nxg4 fxg4 30. Rc3 Rf8+ 31. Ke2 Rf3 32. Rg1 Rxd4 33. Rf1 Rd2+ 34. Kxd2 Rxf1 35. Rc4 h5 36. Re4 Rf3 37. Re6 Rxg3 38. Rxg6 h4 39. e4 Kc7 40. Rg7+ Kd6 41. Rxb7 Rxa3 42. Rh7 h3 43. Rh4 h2 0-1

[Event "HUN-chT2 Asztalos 1819"]
[Site "Hungary"]
[Date "2019.02.10"]
[Round "5.10"]
[White "Bocska, Janos"]
[Black "Pap, Bela"]
[Result "0-1"]
[WhiteElo "1978"]
[BlackElo "1538"]
[PlyCount "106"]
[EventDate "2018.10.28"]
[EventType "team-tourn"]
[EventRounds "9"]
[EventCountry "HUN"]
[SourceTitle "CBM 189 Extra"]
[Source "ChessBase"]
[SourceDate "2019.05.31"]
[SourceVersion "1"]
[SourceVersionDate "2019.05.31"]
[SourceQuality "1"]
[WhiteTeam "Nagyatad"]
[BlackTeam "Sarosd"]
[WhiteTeamCountry "HUN"]
[BlackTeamCountry "HUN"]

1. d4 d5 2. Nf3 b6 3. Bf4 Bb7 4. e3 Nf6 5. Bd3 e6 6. Nbd2 Nbd7 7. c3 Rc8 8. 0-0 c5 9. Ne5 a6 10. Nxd7 Qxd7 11. Nf3 Bd6 12. Ne5 Bxe5 13. Bxe5 c4 14. Bc2 b5 15. f4 Ke7 16. f5 Rc6 17. fxe6 fxe6 18. Qf3 Rf8 19. Qh3 Kd8 20. Rf2 Qe7 21. Raf1 Rc8 22. Qg3 Kd7 23. Qh4 Ne4 24. Qxe7+ Kxe7 25. Rxf8 Rxf8 26. Bxg7 Rxf1+ 27. Kxf1 Kf7 28. Be5 Kg6 29. Ke2 a5 30. a4 b4 31. cxb4 axb4 32. a5 Ba6 33. Kf3 b3 34. Bb1 Kf7 35. Kf4 Nf2 36. e4 Nd1 37. exd5 exd5 38. Bd6 Nxb2 39. Ba3 Nd1 40. Ke5 h6 41. Kd6 c3 42. Kc6 c2 43. Bxc2 bxc2 44. Kb6 Bc4 45. a6 Bxa6 46. Kxa6 Nf2 47. Kb5 Nd3 48. Kc6 Ke6 49. g4 c1Q+ 50. Bxc1 Nxc1 51. h4 Nd3 52. g5 hxg5 53. hxg5 Nf4 0-1

[Event "HUN-chT2 Asztalos 1819"]
[Site "Hungary"]
[Date "2018.10.28"]
[Round "1.11"]
[White "Radics, Nora"]
[Black "Bocska, Janos"]
[Result "1/2-1/2"]
[WhiteElo "1733"]
[BlackElo "1978"]
[PlyCount "80"]
[EventDate "2018.10.28"]
[EventType "team-tourn"]
[EventRounds "9"]
[EventCountry "HUN"]
[SourceTitle "CBM 189 Extra"]
[Source "ChessBase"]
[SourceDate "2019.05.31"]
[SourceVersion "1"]
[SourceVersionDate "2019.05.31"]
[SourceQuality "1"]
[WhiteTeam "Kiraly Sakk"]
[BlackTeam "Nagyatad"]
[WhiteTeamCountry "HUN"]
[BlackTeamCountry "HUN"]

1. e4 e6 2. d4 d5 3. exd5 exd5 4. Nf3 Nf6 5. Bd3 Bd6 6. 0-0 0-0 7. Bg5 Bg4 8. Nbd2 Nbd7 9. c3 c6 10. Re1 Qc7 11. Qc2 Rfe8 12. h3 Bh5 13. Nh4 Bf4 14. Bxf4 Qxf4 15. Nf5 Bg6 16. g3 Qc7 17. Ne7+ Kf8 18. Nxg6+ hxg6 19. Nf3 Nh5 20. Qd2 Qd6 21. Rxe8+ Rxe8 22. Re1 Rxe1+ 23. Qxe1 Qc7 24. Ne5 Nxe5 25. Qxe5 Qxe5 26. dxe5 Ke7 27. Kg2 Ke6 28. f4 g5 29. fxg5 Kxe5 30. Kf3 g6 31. Bc2 Ng7 32. h4 Nh5 33. Bd3 Ng7 34. Bc2 Ne6 35. Bd3 a5 36. g4 b5 37. a3 a4 38. Ke3 Nf4 39. Bf1 Ne6 40. Bd3 Nf4 1/2-1/2

[Event "HUN-chT2 Asztalos 1718"]
[Site "Hungary"]
[Date "2018.03.25"]
[Round "8.10"]
[White "Bocska, Janos"]
[Black "Remenyi, Szilard"]
[Result "0-1"]
[WhiteElo "1980"]
[BlackElo "1842"]
[PlyCount "58"]
[EventDate "2017.10.29"]
[EventType "team-tourn"]
[EventRounds "9"]
[EventCountry "HUN"]
[SourceTitle "EXT 2021"]
[Source "ChessBase"]
[SourceDate "2020.10.23"]
[SourceVersion "1"]
[SourceVersionDate "2020.10.23"]
[SourceQuality "1"]
[WhiteTeam "Nagyatad"]
[BlackTeam "Kiraly Sakk"]
[WhiteTeamCountry "HUN"]
[BlackTeamCountry "HUN"]

1. d4 Nf6 2. Nf3 g6 3. g3 Bg7 4. Bg2 0-0 5. 0-0 d6 6. c3 Nbd7 7. Nbd2 e5 8. dxe5 Nxe5 9. Nxe5 dxe5 10. Qb3 c6 11. Nf3 Qc7 12. Be3 Be6 13. Qa4 Nd5 14. Bd2 Nb6 15. Qh4 f6 16. b3 a5 17. Bh6 a4 18. Bxg7 Kxg7 19. c4 axb3 20. axb3 Rfd8 21. Qe4 Nd7 22. Qe3 Qb6 23. Qxb6 Nxb6 24. e4 Nd7 25. Rxa8 Rxa8 26. Rb1 Nc5 27. Ne1 Ra3 28. b4 Na4 29. c5 Nc3 0-1

[Event "HUN-chT2 Asztalos 1718"]
[Site "Hungary"]
[Date "2017.12.17"]
[Round "4.10"]
[White "Bocska, Janos"]
[Black "Follardt, Lorinc"]
[Result "1/2-1/2"]
[WhiteElo "1980"]
[BlackElo "1700"]
[PlyCount "92"]
[EventDate "2017.10.29"]
[EventType "team-tourn"]
[EventRounds "9"]
[EventCountry "HUN"]
[SourceTitle "EXT 2021"]
[Source "ChessBase"]
[SourceDate "2020.10.23"]
[SourceVersion "1"]
[SourceVersionDate "2020.10.23"]
[SourceQuality "1"]
[WhiteTeam "Nagyatad"]
[BlackTeam "Baja"]
[WhiteTeamCountry "HUN"]
[BlackTeamCountry "HUN"]

1. d4 Nf6 2. Nf3 g6 3. c4 Bg7 4. Nc3 d6 5. g3 0-0 6. Bg2 Nbd7 7. 0-0 e5 8. e3 c6 9. b3 Ne8 10. dxe5 Nxe5 11. Nxe5 Bxe5 12. Bb2 Be6 13. Na4 Bxb2 14. Nxb2 Qe7 15. Qd4 Nf6 16. e4 Rfd8 17. Rfd1 d5 18. exd5 cxd5 19. c5 Rac8 20. Rac1 Nd7 21. b4 Qf6 22. Qxf6 Nxf6 23. Nd3 Bd7 24. Ne5 Bc6 25. Nf3 Bb5 26. Bf1 Bxf1 27. Kxf1 Ne4 28. Nd4 Kf8 29. f3 Ng5 30. Kf2 Ne6 31. a4 a6 32. f4 a5 33. Nxe6+ fxe6 34. b5 Ke7 35. Ke3 Kd7 36. Kd4 Rf8 37. h4 h5 38. Re1 Rf6 39. Re5 Rf5 40. Rce1 Re8 41. c6+ bxc6 42. bxc6+ Kd6 43. Rc1 Rc8 44. Rc5 Rxe5 45. fxe5+ Kc7 46. Rxa5 Kxc6 1/2-1/2

[Event "HUN-chT2 Asztalos 1617"]
[Site "Hungary"]
[Date "2017.03.12"]
[Round "10.8"]
[White "Kovacs, Elod"]
[Black "Bocska, Janos"]
[Result "1-0"]
[WhiteElo "2091"]
[BlackElo "1991"]
[PlyCount "59"]
[EventDate "2016.09.25"]
[EventType "team-tourn"]
[EventRounds "11"]
[EventCountry "HUN"]
[SourceTitle "EXT 2021"]
[Source "ChessBase"]
[SourceDate "2020.10.23"]
[SourceVersion "1"]
[SourceVersionDate "2020.10.23"]
[SourceQuality "1"]
[WhiteTeam "Balatonfuered"]
[BlackTeam "Nagyatad"]
[WhiteTeamCountry "HUN"]
[BlackTeamCountry "HUN"]

1. Nf3 Nf6 2. c4 g6 3. Nc3 Bg7 4. e4 d6 5. d4 0-0 6. Be2 c5 7. d5 Na6 8. h3 Nc7 9. a4 Bd7 10. Bf4 Nh5 11. Bh2 b6 12. e5 dxe5 13. Nxe5 Nf6 14. 0-0 Nce8 15. a5 Nd6 16. Re1 bxa5 17. Bf3 Rb8 18. Na4 Bxa4 19. Rxa4 Rxb2 20. Nc6 Qb6 21. Nxe7+ Kh8 22. Nc6 Nde4 23. Be5 Nxf2 24. Qa1 Re8 25. Bxb2 Rxe1+ 26. Qxe1 Nd3 27. Qe2 Nxb2 28. Rxa5 a6 29. Ra2 Ng8 30. d6 1-0

[Event "HUN-chT2 Asztalos 1617"]
[Site "Hungary"]
[Date "2017.02.26"]
[Round "9.9"]
[White "Brindza, Istvan"]
[Black "Bocska, Janos"]
[Result "1/2-1/2"]
[WhiteElo "1949"]
[BlackElo "1991"]
[PlyCount "39"]
[EventDate "2016.09.25"]
[EventType "team-tourn"]
[EventRounds "11"]
[EventCountry "HUN"]
[SourceTitle "EXT 2021"]
[Source "ChessBase"]
[SourceDate "2020.10.23"]
[SourceVersion "1"]
[SourceVersionDate "2020.10.23"]
[SourceQuality "1"]
[WhiteTeam "Baja"]
[BlackTeam "Nagyatad"]
[WhiteTeamCountry "HUN"]
[BlackTeamCountry "HUN"]

1. e4 e6 2. d4 d5 3. exd5 exd5 4. h3 c6 5. Bd3 Bd6 6. Qf3 Qf6 7. c3 Be6 8. Qxf6 Nxf6 9. Bg5 Nbd7 10. Ne2 Ne4 11. Bf4 Bxf4 12. Nxf4 Nd6 13. Nd2 0-0 14. 0-0 Rae8 15. Rfe1 Bf5 16. Bxf5 Nxf5 17. Nf3 Nd6 18. Rxe8 Rxe8 19. Re1 Rxe1+ 20. Nxe1 1/2-1/2

[Event "HUN-chT2 Asztalos 1617"]
[Site "Hungary"]
[Date "2016.09.25"]
[Round "1.9"]
[White "Bocska, Janos"]
[Black "Nagy, Balazs"]
[Result "1-0"]
[WhiteElo "1991"]
[BlackElo "1797"]
[PlyCount "119"]
[EventDate "2016.09.25"]
[EventType "team-tourn"]
[EventRounds "11"]
[EventCountry "HUN"]
[SourceTitle "EXT 2021"]
[Source "ChessBase"]
[SourceDate "2020.10.23"]
[SourceVersion "1"]
[SourceVersionDate "2020.10.23"]
[SourceQuality "1"]
[WhiteTeam "Nagyatad"]
[BlackTeam "Marcali"]
[WhiteTeamCountry "HUN"]
[BlackTeamCountry "HUN"]

1. d4 d5 2. Nf3 Nf6 3. c4 c6 4. Nc3 dxc4 5. e3 Bg4 6. Bxc4 Bxf3 7. Qxf3 e6 8. 0-0 Be7 9. Ne2 0-0 10. e4 Nbd7 11. Bf4 Nb6 12. Bd3 c5 13. e5 Nfd5 14. Qe4 g6 15. Bh6 Re8 16. Bb5 Nd7 17. Rfd1 a6 18. Bc4 N7b6 19. Bb3 c4 20. Bc2 Bg5 21. Bxg5 Qxg5 22. Rac1 Rac8 23. f4 Qh4 24. Qf3 Red8 25. g3 Qe7 26. g4 Rf8 27. g5 Qb4 28. Rb1 Rc7 29. Be4 Rfc8 30. Nc3 Qa5 31. Rdc1 Nxc3 32. bxc3 Nd5 33. Bxd5 exd5 34. Rc2 Rd7 35. f5 Qd8 36. h4 Qe8 37. fxg6 fxg6 38. Rf2 b5 39. Rbf1 Rcc7 40. e6 Rd6 41. Re1 Re7 42. Rfe2 Rexe6 43. Rxe6 Rxe6 44. Qxd5 Kf7 45. Kf2 Qc6 46. Qxc6 Rxc6 47. Re5 Rb6 48. a3 Rc6 49. Kf3 Rb6 50. Ke4 Rd6 51. d5 Rd7 52. Kd4 a5 53. Kc5 b4 54. axb4 a4 55. Re2 Rc7+ 56. Kd4 Rc8 57. Ra2 Re8 58. Rxa4 Re1 59. Ra7+ Kg8 60. b5 1-0

[Event "HUN-chT2 Asztalos 1516"]
[Site "Hungary"]
[Date "2015.11.08"]
[Round "4.10"]
[White "Aladics, Jozsef"]
[Black "Bocska, Janos"]
[Result "0-1"]
[WhiteElo "1856"]
[BlackElo "1999"]
[PlyCount "86"]
[EventDate "2015.09.13"]
[EventType "team-tourn"]
[EventRounds "11"]
[EventCountry "HUN"]
[SourceTitle "CBM 170 Extra"]
[Source "ChessBase"]
[SourceDate "2016.02.25"]
[SourceVersion "1"]
[SourceVersionDate "2016.02.25"]
[SourceQuality "1"]
[WhiteTeam "Baja Spartacus"]
[BlackTeam "Nagyatad"]
[WhiteTeamCountry "HUN"]
[BlackTeamCountry "HUN"]

1. e4 e6 2. d4 d5 3. Be3 Nf6 4. e5 Nfd7 5. Qg4 c5 6. Nf3 cxd4 7. Bxd4 Nc6 8. Bb5 Nxd4 9. Nxd4 a6 10. Bxd7+ Bxd7 11. 0-0 h5 12. Qe2 Qb6 13. c3 Bc5 14. Rd1 Rc8 15. Nb3 Ba4 16. N1d2 g6 17. Re1 Be7 18. Rab1 Bb5 19. Qf3 0-0 20. Nd4 Bg5 21. Nf1 Bxf1 22. Rxf1 Rc4 23. Qg3 Bh6 24. f4 Kh7 25. Rf2 Rfc8 26. Rbf1 Qd8 27. Qh3 b5 28. g4 hxg4 29. Qxg4 b4 30. Rg2 bxc3 31. Nxe6 Qb6+ 32. Kh1 Qxe6 33. Qg3 Qf5 34. bxc3 Rxc3 35. Qh4 Rc1 36. Rgf2 Rxf1+ 37. Rxf1 Rc2 38. Kg1 Qe4 39. Qh3 Kg7 40. Qg3 d4 41. h4 Qe3+ 42. Qxe3 dxe3 43. h5 e2 0-1

[Event "HUN-chT2 Asztalos 1314"]
[Site "Hungary"]
[Date "2014.03.02"]
[Round "6"]
[White "Bocska, Janos"]
[Black "Csatho, Gabor"]
[Result "1/2-1/2"]
[WhiteElo "1992"]
[BlackElo "1777"]
[PlyCount "83"]
[EventDate "2013.09.08"]
[EventType "team-tourn"]
[EventRounds "9"]
[EventCountry "HUN"]
[SourceTitle "EXT 2016"]
[Source "ChessBase"]
[SourceDate "2015.10.08"]
[SourceVersion "1"]
[SourceVersionDate "2015.10.08"]
[SourceQuality "1"]
[WhiteTeam "Nagyatad"]
[BlackTeam "Kiraly Sakk"]
[WhiteTeamCountry "HUN"]
[BlackTeamCountry "HUN"]

1. d4 d5 2. c4 e6 3. Nc3 f5 4. Nf3 c6 5. Ne5 Nd7 6. Nxd7 Qxd7 7. e3 Nf6 8. Bd3 Bd6 9. c5 Bc7 10. b4 b5 11. cxb6 axb6 12. a4 0-0 13. f4 Bd6 14. Ba3 Qe7 15. Qb3 Ng4 16. Ke2 Qh4 17. Raf1 Nxh2 18. Kd1 Qg3 19. Ne2 Qh4 20. g3 Qh6 21. Rf2 Ng4 22. Rxh6 Nxf2+ 23. Kd2 gxh6 24. b5 Bxa3 25. Qxa3 Nxd3 26. Qxd3 Rxa4 27. Nc3 Rc4 28. Qb1 Bd7 29. bxc6 Rxc6 30. Qb3 Rf7 31. Qa3 Rg7 32. Qa8+ Rc8 33. Qb7 Rc4 34. Qxb6 Rf7 35. Qd8+ Kg7 36. Qh4 Rc8 37. g4 e5 38. g5 hxg5 39. Qxg5+ Kh8 40. dxe5 Rg8 41. Qh4 Be6 42. Ne2 1/2-1/2

[Event "HUN-chT2 Asztalos 1213"]
[Site "Hungary"]
[Date "2013.02.17"]
[Round "7.10"]
[White "Katona, Ivett"]
[Black "Bocska, Janos"]
[Result "1-0"]
[WhiteElo "1535"]
[BlackElo "2034"]
[PlyCount "31"]
[EventDate "2012.09.16"]
[EventType "team-tourn"]
[EventRounds "9"]
[EventCountry "HUN"]
[SourceTitle "EXT 2014"]
[Source "ChessBase"]
[SourceDate "2013.11.20"]
[SourceVersion "1"]
[SourceVersionDate "2013.11.20"]
[SourceQuality "1"]
[WhiteTeam "Dunaujvaros"]
[BlackTeam "Nagyatad"]
[WhiteTeamCountry "HUN"]
[BlackTeamCountry "HUN"]

1. e4 d5 2. exd5 Qxd5 3. Nc3 Qa5 4. Nf3 Bf5 5. Bc4 Nc6 6. 0-0 e6 7. d4 0-0-0 8. Ne2 Nf6 9. c3 Bg4 10. Qd3 Qf5 11. Qxf5 Bxf5 12. Ng5 Rd7 13. Ng3 h6 14. Nxf7 Rxf7 15. Nxf5 Na5 16. Bxe6+ 1-0